Sprint to find Kyrgyzstan - Sudden Death - Statistics

General Stats
  • This quiz has been taken 606 times
  • The average score is 3 of 6
Answers on the Grid
Answers color-coded by a green-red scale on the quiz's grid according to % correct below.
Turmenistan
Uzbekistan
Tajikistan
Pakistan
Kyrgyzstan
Afghanistan
Kazakhstan
Kyrgyzstan
Kirgzystan
ABCDEFG
Kyrgyzsytyn
Kyrygyzstan
Kyrgyzstna
Krygyzstan
Kyrgyzstan
Kyrgysztan
Kirgisztan
Kyrghyzstan
Kyrgyyzstan
Kyrgyzzstan
Kyrgizstan
Kirgizistan
Kyrgyzstan
Kyrgystan
Kurgyzstan
Kyrgystan
Kyrgyzstan
Kirgizstan
Kyrgyzstan
Kyrngyzstan
Kyrghizstan
Kirgyzstan
 
Answer Stats
Answer % Correct
Kyrgyzstan
60%
Kyrgyzstan
55%
Kyrgyzstan
40%
Kyrgyzstan
37%
Kyrgyzstan
36%
Kyrgyzstan
32%
No matching quizzes found
Score Distribution
Percent of People with Each Score
Percentile by Number Answered
Your Score History
You have not taken this quiz